000 00561nam a2200205 a 4500
001 4763
003 CO-ViMGA
008 141112s2004 ck r 000 u spa d
020 _a9589176712
040 _aCO-ViMGA
_bspa
_cCO-ViMGA
082 0 4 _a340.1 H377
100 1 _aHerrera Jaramillo, Francisco Jose
_92917
245 1 0 _aCiencias jurídicas :
_bfilosofía del derecho
250 _a2a
260 _aSantafé de Bogotá :
_bUniversidad Javeriana,
_c1996
300 _a252 p
490 _aProfesores, 14
650 1 4 _aDERECHO - FILOSOFIA
942 _2ddc
_cBK
999 _c16771
_d16771